000 00509nam a2200181 i 4500
001 50027
003 ES-MaACL
005 20230906162114.0
007 t|
008 030728s1970 sp ||||1| spa d
100 1 _aCrichton, Michael.
_941610
245 1 0 _aAndrómeda /
_cMichael Crichton ; [traducción Baldomero Porta].
250 _a[1ª ed.].
260 _aBarcelona :
_bBruguera,
_c[1970]
300 _a302 p. ;
_c21 cm.
700 1 _aPorta, Baldomero.
_993173
852 _aES-MaACL
_jC-38799
_bR.73135
999 _c50027
_d50027